[Event "Omelnyk Grokhotov Memorial 10th"]
[Site "Omelnyk"]
[Date "2022.01.04"]
[Round "3"]
[White "Kozak, Leonid"]
[Black "Kislinsky, Alexey"]
[Result "0-1"]
[WhiteElo "2229"]
[BlackElo "2352"]
[PlyCount "70"]
[EventDate "2022.01.03"]
[EventType "tourn"]
[EventRounds "9"]
[EventCountry "UKR"]
[EventCategory "1"]
[SourceTitle "EXT 2023"]
[Source "ChessBase"]
[SourceDate "2022.10.05"]
[SourceVersion "1"]
[SourceVersionDate "2022.10.05"]
[SourceQuality "1"]

1. d4 Nf6 2. c4 c5 3. d5 b5 4. cxb5 a6 5. b6 d6 6. Nc3 Nbd7 7. e4 g6 8. Nf3 Rb8 9. Be2 Bg7 10. 0-0 0-0 11. h3 Qxb6 12. Qc2 Ne8 13. Rb1 Qd8 14. Bg5 h6 15. Bf4 Nc7 16. Qd2 Kh7 17. a3 a5 18. Rfd1 Ba6 19. Bxa6 Nxa6 20. Qe2 Nc7 21. e5 Nb6 22. Bh2 f6 23. exd6 exd6 24. b4 cxb4 25. axb4 a4 26. Qa2 f5 27. Nd4 Qd7 28. Rbc1 Rfe8 29. Nc6 Ra8 30. Bf4 a3 31. Na5 Na4 32. Nb1 Nb5 33. Bd2 Nb2 34. Re1 Nd3 35. Rxe8 Nxc1 0-1

[Event "Chernivtsi Masters"]
[Site "Chernivtsi"]
[Date "2021.07.25"]
[Round "9"]
[White "Kushko, Dmitriy"]
[Black "Kozak, Leonid"]
[Result "1-0"]
[WhiteElo "2358"]
[BlackElo "2217"]
[PlyCount "83"]
[EventDate "2021.07.20"]
[EventType "tourn"]
[EventRounds "9"]
[EventCountry "UKR"]
[EventCategory "1"]
[SourceTitle "CBM 203 Extra"]
[Source "ChessBase"]
[SourceDate "2021.09.30"]
[SourceVersion "1"]
[SourceVersionDate "2021.09.30"]
[SourceQuality "1"]

1. Nf3 g6 2. c4 Bg7 3. d4 d6 4. g3 Nf6 5. Bg2 0-0 6. 0-0 Nbd7 7. Nc3 e5 8. e4 c6 9. h3 Qb6 10. Re1 exd4 11. Nxd4 Ne8 12. Nb3 a5 13. Be3 Qb4 14. Nd4 a4 15. a3 Qa5 16. f4 Nc5 17. Qc2 Nf6 18. Rad1 Re8 19. Bf2 Nfd7 20. Kh2 Nb6 21. Bf1 Bd7 22. Nf3 Be6 23. Rxd6 Bxc4 24. e5 Bb3 25. Qd2 Nd5 26. Bxc5 Qxc5 27. Ne4 Qc2 28. Nd4 Qxd2+ 29. Nxd2 g5 30. N2xb3 axb3 31. Bc4 gxf4 32. Bxd5 fxg3+ 33. Kxg3 cxd5 34. Kf4 Ra4 35. Rxd5 f6 36. e6 f5 37. Rg1 Kh8 38. Rxg7 Kxg7 39. Kxf5 Re7 40. Ke5 Kf8 41. Nf5 Rc7 42. Rd8# 1-0

[Event "Chernivtsi Masters"]
[Site "Chernivtsi"]
[Date "2021.07.23"]
[Round "7"]
[White "Sanduleac, Vasile"]
[Black "Kozak, Leonid"]
[Result "1/2-1/2"]
[WhiteElo "2432"]
[BlackElo "2217"]
[PlyCount "110"]
[EventDate "2021.07.20"]
[EventType "tourn"]
[EventRounds "9"]
[EventCountry "UKR"]
[EventCategory "1"]
[SourceTitle "CBM 203 Extra"]
[Source "ChessBase"]
[SourceDate "2021.09.30"]
[SourceVersion "1"]
[SourceVersionDate "2021.09.30"]
[SourceQuality "1"]

1. e4 e5 2. Nf3 Nc6 3. Bc4 Bc5 4. c3 Nf6 5. d3 d6 6. Nbd2 a6 7. Bb3 0-0 8. h3 d5 9. exd5 Nxd5 10. Ne4 Ba7 11. 0-0 f6 12. d4 exd4 13. Nxd4 Nxd4 14. cxd4 Be6 15. Nc5 Bxc5 16. dxc5 c6 17. Qd4 Bf7 18. Re1 Re8 19. Bd2 Qc7 20. Qg4 Kh8 21. Rad1 Rad8 22. Qa4 Qd7 23. Qd4 Rxe1+ 24. Rxe1 Re8 25. Rd1 Qe7 26. f3 Qe5 27. Qxe5 Rxe5 28. Kf2 h6 29. Ba5 Kg8 30. Rd4 Kf8 31. Bd2 Re7 32. Bc2 g5 33. a4 Ke8 34. b4 Be6 35. h4 Rd7 36. Bc1 Nc3 37. Rxd7 Bxd7 38. Bd2 Nd5 39. g3 Ke7 40. Ke2 Kf7 41. hxg5 hxg5 42. Bd1 Bf5 43. g4 Bg6 44. Bb3 Ke7 45. Bxd5 cxd5 46. b5 axb5 47. axb5 Be8 48. c6 bxc6 49. b6 Kd7 50. Bb4 Kc8 51. Bc5 Kb7 52. Ke3 Bd7 53. Bd4 f5 54. gxf5 Bxf5 55. Kd2 Bg6 1/2-1/2

[Event "Nabokov Memorial-B 12th"]
[Site "Kiev"]
[Date "2015.04.28"]
[Round "8"]
[White "Gorbanovsky, Oleg"]
[Black "Kozak, Leonid"]
[Result "1-0"]
[WhiteElo "2311"]
[BlackElo "2290"]
[PlyCount "95"]
[EventDate "2015.04.21"]
[EventType "tourn"]
[EventRounds "9"]
[EventCountry "UKR"]
[EventCategory "3"]
[SourceTitle "CBM 166 Extra"]
[Source "ChessBase"]
[SourceDate "2015.06.18"]
[SourceVersion "1"]
[SourceVersionDate "2015.06.18"]
[SourceQuality "1"]

1. e4 c5 2. Nf3 d6 3. Bb5+ Nd7 4. c3 Ngf6 5. Qe2 a6 6. Ba4 b5 7. Bc2 e5 8. 0-0 g6 9. d4 Bg7 10. dxe5 dxe5 11. a4 Rb8 12. axb5 axb5 13. Na3 Qb6 14. c4 b4 15. Nb5 0-0 16. Rd1 Ne8 17. b3 f6 18. h4 Rf7 19. h5 Nf8 20. Nh4 Rd7 21. h6 Bh8 22. f4 Rxd1+ 23. Qxd1 exf4 24. Bxf4 Rb7 25. Ra8 Rd7 26. Qf3 Qb7 27. e5 fxe5 28. Be4 exf4 29. Bxb7 Bxb7 30. Qe2 Bxa8 31. Qxe8 Bc6 32. Qc8 Bf6 33. Nf3 Bxf3 34. gxf3 Be7 35. Nc7 Bf6 36. Nd5 Bd4+ 37. Kg2 Rf7 38. Qe8 Bf6 39. Kh3 Bg5 40. Kg4 Bxh6 41. Qc8 Bg7 42. Qxc5 Nd7 43. Ne7+ Kh8 44. Qc8+ Bf8 45. Qxd7 Bxe7 46. c5 Kg7 47. c6 Bc5 48. Qxf7+ 1-0

[Event "Nabokov Memorial-B 12th"]
[Site "Kiev"]
[Date "2015.04.21"]
[Round "1"]
[White "Bajarani, Ilgar"]
[Black "Kozak, Leonid"]
[Result "1/2-1/2"]
[WhiteElo "2311"]
[BlackElo "2290"]
[PlyCount "23"]
[EventDate "2015.04.21"]
[EventType "tourn"]
[EventRounds "9"]
[EventCountry "UKR"]
[EventCategory "3"]
[SourceTitle "CBM 166 Extra"]
[Source "ChessBase"]
[SourceDate "2015.06.18"]
[SourceVersion "1"]
[SourceVersionDate "2015.06.18"]
[SourceQuality "1"]

1. d4 d5 2. c4 e6 3. Nc3 Nf6 4. cxd5 exd5 5. Bg5 Be7 6. e3 0-0 7. Qc2 c6 8. Bd3 Nbd7 9. Nf3 Re8 10. 0-0 Nf8 11. Rab1 a5 12. a3 1/2-1/2

[Event "Nabokov Memorial-B 11th"]
[Site "Kiev"]
[Date "2013.05.12"]
[Round "7"]
[White "Anwesh, Upadhyaya"]
[Black "Kozak, Leonid"]
[Result "1-0"]
[WhiteElo "2367"]
[BlackElo "2309"]
[PlyCount "61"]
[EventDate "2013.05.07"]
[EventType "tourn"]
[EventRounds "9"]
[EventCountry "UKR"]
[EventCategory "3"]
[SourceTitle "CBM 154 Extra"]
[Source "ChessBase"]
[SourceDate "2013.06.25"]
[SourceVersion "2"]
[SourceVersionDate "2013.06.25"]
[SourceQuality "1"]

1. e4 c5 2. Nf3 d6 3. d4 Nf6 4. Nc3 cxd4 5. Nxd4 a6 6. Be3 e5 7. Nb3 Be7 8. Qd2 Be6 9. 0-0-0 Nbd7 10. f4 Ng4 11. g3 Nxe3 12. Qxe3 Qb6 13. Qf3 exf4 14. gxf4 Bf6 15. Bh3 a5 16. Nd5 Bxd5 17. Bxd7+ Kxd7 18. Rxd5 Ke7 19. a4 Rhc8 20. Rb5 Qc6 21. Qd3 b6 22. Nd2 Rab8 23. Rd1 h6 24. b3 g5 25. Nc4 gxf4 26. Nxd6 Rd8 27. e5 Bg5 28. h4 Bxh4 29. Qh7 Rxd6 30. exd6+ Kd8 31. Qxh6 1-0

[Event "Nabokov Memorial-B 11th"]
[Site "Kiev"]
[Date "2013.05.07"]
[Round "1"]
[White "Kozak, Leonid"]
[Black "Grinev, Valeriy"]
[Result "1/2-1/2"]
[WhiteElo "2309"]
[BlackElo "2357"]
[PlyCount "59"]
[EventDate "2013.05.07"]
[EventType "tourn"]
[EventRounds "9"]
[EventCountry "UKR"]
[EventCategory "3"]
[SourceTitle "CBM 154 Extra"]
[Source "ChessBase"]
[SourceDate "2013.06.25"]
[SourceVersion "2"]
[SourceVersionDate "2013.06.25"]
[SourceQuality "1"]

1. d4 Nf6 2. c4 e6 3. Nc3 c5 4. d5 exd5 5. cxd5 d6 6. e4 g6 7. f4 Bg7 8. Bb5+ Nfd7 9. Bd3 0-0 10. Nf3 Nb6 11. h3 N8d7 12. 0-0 Re8 13. Re1 a6 14. Be3 Rb8 15. a4 Na8 16. Bf2 Qb6 17. Qc2 Qb4 18. Nd2 Nc7 19. Nc4 b5 20. Na2 Qxe1+ 21. Rxe1 bxc4 22. Qxc4 Rxb2 23. a5 Nb5 24. Re2 Rxe2 25. Bxe2 f5 26. e5 dxe5 27. d6+ Kh8 28. Bxc5 exf4 29. Bf2 Nxd6 30. Qc6 1/2-1/2

[Event "Nabokov Memorial-B 8th"]
[Site "Kiev"]
[Date "2010.06.13"]
[Round "9"]
[White "Moliboga, Vladimir"]
[Black "Kozak, Leonid"]
[Result "1-0"]
[WhiteElo "2241"]
[BlackElo "2333"]
[PlyCount "99"]
[EventDate "2010.06.05"]
[EventType "tourn"]
[EventRounds "11"]
[EventCountry "UKR"]
[EventCategory "4"]
[SourceTitle "CBM 136 Extra"]
[Source "ChessBase"]
[SourceDate "2010.07.02"]
[SourceVersion "2"]
[SourceVersionDate "2010.07.15"]
[SourceQuality "1"]

1. d4 Nf6 2. c4 g6 3. Nc3 Bg7 4. e4 d6 5. Be2 0-0 6. Bg5 Na6 7. Qd2 e5 8. d5 c6 9. Bd1 cxd5 10. cxd5 Bd7 11. f3 b5 12. a3 Qa5 13. Nge2 Rfb8 14. Be3 Be8 15. Nc1 Qc7 16. b4 Rc8 17. N3e2 Nd7 18. Nb3 Nb6 19. Na5 f5 20. 0-0 f4 21. Bf2 Bf6 22. Bb3 Qg7 23. Rac1 Kh8 24. g3 g5 25. g4 h5 26. h3 Bd8 27. Nc3 Nb8 28. Qd3 a6 29. Rc2 Ra7 30. Kg2 Qh6 31. Rfc1 Rh7 32. Kf1 hxg4 33. hxg4 Qh1+ 34. Ke2 Qh2 35. Qd1 N6d7 36. Nb7 Bb6 37. Qf1 Rh6 38. Kd3 Bxf2 39. Rxf2 Qh4 40. Rcc2 Nb6 41. Nxd6 Rxd6 42. Rh2 Rh6 43. Qh1 Rc7 44. Rxh4 Rxh4 45. Qg1 N8d7 46. a4 bxa4 47. Nxa4 Rxc2 48. Kxc2 Rh6 49. Nc5 Nc8 50. Ne6 1-0

[Event "Nabokov Memorial-B 8th"]
[Site "Kiev"]
[Date "2010.06.06"]
[Round "2"]
[White "Kozak, Leonid"]
[Black "Baltag, Iulian"]
[Result "1/2-1/2"]
[WhiteElo "2333"]
[BlackElo "2365"]
[PlyCount "47"]
[EventDate "2010.06.05"]
[EventType "tourn"]
[EventRounds "11"]
[EventCountry "UKR"]
[EventCategory "4"]
[SourceTitle "CBM 136 Extra"]
[Source "ChessBase"]
[SourceDate "2010.07.02"]
[SourceVersion "2"]
[SourceVersionDate "2010.07.15"]
[SourceQuality "1"]

1. d4 Nf6 2. c4 Nc6 3. Nf3 e6 4. g3 Bb4+ 5. Bd2 Qe7 6. Bg2 a5 7. 0-0 Bxd2 8. Qxd2 d6 9. Nc3 e5 10. Nd5 Nxd5 11. cxd5 Nxd4 12. Nxd4 exd4 13. Qxd4 0-0 14. Rac1 f5 15. e3 b6 16. Rc3 Ba6 17. Rfc1 Ra7 18. Qd2 Rf7 19. Qc2 g6 20. a3 Qe8 21. Qd2 Qf8 22. Bh3 Re7 23. Bg2 Bb5 24. h3 1/2-1/2

[Event "Nabokov Memorial-B 8th"]
[Site "Kiev"]
[Date "2010.06.05"]
[Round "1"]
[White "Kozak, Leonid"]
[Black "Golubka, Petr"]
[Result "1/2-1/2"]
[WhiteElo "2333"]
[BlackElo "2348"]
[PlyCount "74"]
[EventDate "2010.06.05"]
[EventType "tourn"]
[EventRounds "11"]
[EventCountry "UKR"]
[EventCategory "4"]
[SourceTitle "CBM 136 Extra"]
[Source "ChessBase"]
[SourceDate "2010.07.02"]
[SourceVersion "2"]
[SourceVersionDate "2010.07.15"]
[SourceQuality "1"]

1. d4 d5 2. c4 e6 3. Nc3 c5 4. cxd5 exd5 5. Nf3 Nc6 6. g3 Nf6 7. Bg2 Be7 8. 0-0 h6 9. dxc5 Bxc5 10. Na4 Be7 11. Be3 0-0 12. Rc1 Re8 13. Nd4 Bd7 14. Nc5 Bxc5 15. Nxc6 bxc6 16. Bxc5 Ne4 17. Bd4 Ng5 18. Re1 Qa5 19. a3 Rad8 20. Rc5 Qa6 21. Qd2 Qb7 22. Ra5 a6 23. b4 f6 24. Qd3 Bc8 25. Rc1 Ne4 26. e3 Kf8 27. Qc2 Bd7 28. Bf1 Ra8 29. Bd3 Nd6 30. Qe2 Bf5 31. Bxa6 Qd7 32. Qb2 Be4 33. Be2 Nc4 34. Bxc4 dxc4 35. Rxc4 Rxa5 36. bxa5 Qf5 37. Bb6 Qf3 1/2-1/2

[Event "Stopkin Memorial 1st"]
[Site "Nikolaev"]
[Date "2009.11.25"]
[Round "5"]
[White "Kozak, Leonid"]
[Black "Khazankin, Moisey"]
[Result "1-0"]
[WhiteElo "2340"]
[BlackElo "2139"]
[PlyCount "63"]
[EventDate "2009.11.22"]
[EventType "swiss"]
[EventRounds "9"]
[EventCountry "UKR"]
[SourceTitle "EXT 2023"]
[Source "ChessBase"]
[SourceDate "2022.10.05"]
[SourceVersion "1"]
[SourceVersionDate "2022.10.05"]
[SourceQuality "1"]

1. d4 Nf6 2. c4 c5 3. d5 e5 4. Nc3 d6 5. e4 Be7 6. Bd3 Nbd7 7. Nf3 Nf8 8. h3 h5 9. Be3 h4 10. 0-0 Ng6 11. a3 Nh5 12. Ne2 Bf6 13. b4 b6 14. Rb1 Nhf4 15. Kh2 Kf8 16. Bc2 Bd7 17. Neg1 cxb4 18. Rxb4 Qc7 19. Qb1 Ke7 20. Qb3 Rab8 21. a4 Rbc8 22. Rc1 Qd8 23. a5 bxa5 24. Rb7 Rc7 25. Rxa7 Rxa7 26. Bxa7 Qc8 27. c5 Qa6 28. Qb6 Qxb6 29. cxb6 Bc8 30. Ba4 Kd8 31. b7 Bxb7 32. Bb6+ 1-0

[Event "Stopkin Memorial 1st"]
[Site "Nikolaev"]
[Date "2009.11.22"]
[Round "1"]
[White "Kozak, Leonid"]
[Black "Trofimova, Anastasia"]
[Result "1-0"]
[WhiteElo "2340"]
[BlackElo "1957"]
[PlyCount "109"]
[EventDate "2009.11.22"]
[EventType "swiss"]
[EventRounds "9"]
[EventCountry "UKR"]
[SourceTitle "EXT 2023"]
[Source "ChessBase"]
[SourceDate "2022.10.05"]
[SourceVersion "1"]
[SourceVersionDate "2022.10.05"]
[SourceQuality "1"]

1. d4 g6 2. c4 Bg7 3. Nc3 d6 4. e4 Nc6 5. d5 Ne5 6. f4 Ng4 7. h3 N4h6 8. Nf3 e5 9. fxe5 Bxe5 10. Bg5 Bg3+ 11. Kd2 f6 12. Be3 Nf7 13. Rc1 Ne7 14. Kc2 0-0 15. Ne2 Be5 16. g4 Qe8 17. Kb1 b6 18. Rg1 a5 19. Ned4 Bd7 20. h4 a4 21. Bh3 a3 22. b3 Nc8 23. Qd3 Qe7 24. Rce1 Re8 25. Bd2 Na7 26. Bc1 c5 27. dxc6 Nxc6 28. Nb5 Nb4 29. Qd2 Na6 30. Bxa3 Bxb5 31. cxb5 Nc7 32. Bb4 Nxb5 33. Nxe5 Qxe5 34. Qb2 Rac8 35. Re3 Rc7 36. Rf1 Rec8 37. Qxe5 fxe5 38. g5 Re8 39. Rf6 Nd4 40. Rc3 Rxc3 41. Bxc3 Ne2 42. Be1 Nf4 43. Bf1 Re6 44. Rxe6 Nxe6 45. Bc4 Nc5 46. Bd5 Kf8 47. Kc2 Nd8 48. Bf2 Kg7 49. Bxc5 dxc5 50. Kc3 h6 51. Kc4 hxg5 52. hxg5 Kf8 53. Kb5 Ke7 54. Kxb6 Kd7 55. a4 1-0

[Event "Yuzhny op"]
[Site "Yuzhny"]
[Date "2009.09.12"]
[Round "8"]
[White "Kozak, Leonid"]
[Black "Kamenets, Anatolij"]
[Result "1-0"]
[WhiteElo "2340"]
[BlackElo "2226"]
[PlyCount "87"]
[EventDate "2009.09.08"]
[EventType "swiss"]
[EventRounds "9"]
[EventCountry "UKR"]
[SourceTitle "CBM 132 Extra"]
[Source "ChessBase"]
[SourceDate "2009.11.03"]
[SourceVersion "1"]
[SourceVersionDate "2009.11.03"]
[SourceQuality "1"]

1. d4 f5 2. g3 Nf6 3. Bg2 g6 4. Nf3 Bg7 5. 0-0 0-0 6. c4 d6 7. Nc3 Qe8 8. d5 c6 9. Rb1 Bd7 10. b4 Na6 11. dxc6 bxc6 12. b5 Nc5 13. Nd4 Nfe4 14. Nxe4 fxe4 15. Be3 Rc8 16. Nxc6 Bxc6 17. Bxc5 Ba8 18. Bxa7 Rxc4 19. a4 Qd8 20. Bh3 d5 21. b6 Bb7 22. a5 Bd4 23. e3 Bc5 24. a6 Bxa6 25. Be6+ Kg7 26. Qxd5 Qxd5 27. Bxd5 Rc2 28. Bxe4 Rd2 29. Rfc1 Bd6 30. f4 Ba3 31. Rc3 Bd6 32. b7 Bb8 33. Bxb8 Rxb8 34. Rcb3 Ra2 35. Rc1 Ra4 36. Bd5 Ra5 37. Bf3 Ra2 38. Rb6 Ra3 39. Rxa6 Rxa6 40. Rc8 Ra1+ 41. Kg2 Ra2+ 42. Kh3 Rxb7 43. Bxb7 Rb2 44. Bd5 1-0

[Event "Dnipropetrovsk"]
[Site "Dnipropetrovsk"]
[Date "2006.10.07"]
[Round "14"]
[White "Kozak, Leonid"]
[Black "Kononenko, Dmitry"]
[Result "0-1"]
[WhiteElo "2319"]
[BlackElo "2490"]
[PlyCount "44"]
[EventDate "2006.09.27"]
[EventType "tourn"]
[EventRounds "14"]
[EventCountry "UKR"]
[EventCategory "7"]
[SourceTitle "EXT 2023"]
[Source "ChessBase"]
[SourceDate "2022.10.05"]
[SourceVersion "1"]
[SourceVersionDate "2022.10.05"]
[SourceQuality "1"]

1. d4 Nf6 2. c4 c5 3. d5 e6 4. Nc3 exd5 5. cxd5 d6 6. e4 g6 7. f4 Bg7 8. Bb5+ Nbd7 9. e5 dxe5 10. fxe5 Nh5 11. e6 Qh4+ 12. Kd2 fxe6 13. dxe6 0-0 14. exd7 Bxd7 15. Bxd7 Rad8 16. Kc2 Rf2+ 17. Bd2 Bxc3 18. bxc3 Qe4+ 19. Kc1 Nf4 20. Nf3 Nd3+ 21. Kb1 Rxd7 22. Qc2 Rd6 0-1

[Event "Dnipropetrovsk"]
[Site "Dnipropetrovsk"]
[Date "2006.10.05"]
[Round "12"]
[White "Kozak, Leonid"]
[Black "Varitski, Igor"]
[Result "1/2-1/2"]
[WhiteElo "2319"]
[BlackElo "2334"]
[PlyCount "54"]
[EventDate "2006.09.27"]
[EventType "tourn"]
[EventRounds "14"]
[EventCountry "UKR"]
[EventCategory "7"]
[SourceTitle "EXT 2023"]
[Source "ChessBase"]
[SourceDate "2022.10.05"]
[SourceVersion "1"]
[SourceVersionDate "2022.10.05"]
[SourceQuality "1"]

1. d4 f5 2. e4 fxe4 3. Nc3 Nf6 4. Bg5 Nc6 5. d5 Ne5 6. Qd4 Nf7 7. Bxf6 exf6 8. Nxe4 Be7 9. 0-0-0 0-0 10. g4 d6 11. Ng3 c5 12. Qa4 b5 13. Bxb5 Rb8 14. Nf5 Bxf5 15. gxf5 Qb6 16. c4 Ne5 17. b3 Qc7 18. Ne2 a6 19. Bc6 Qc8 20. Ng3 Rb4 21. Qa3 Nxc6 22. dxc6 Qxc6 23. Rhe1 Rf7 24. Rd5 Bf8 25. Kc2 Re7 26. Rxe7 Bxe7 27. Qc1 Bf8 1/2-1/2

[Event "Dnipropetrovsk"]
[Site "Dnipropetrovsk"]
[Date "2006.10.02"]
[Round "7"]
[White "Kononenko, Dmitry"]
[Black "Kozak, Leonid"]
[Result "1-0"]
[WhiteElo "2490"]
[BlackElo "2319"]
[PlyCount "85"]
[EventDate "2006.09.27"]
[EventType "tourn"]
[EventRounds "14"]
[EventCountry "UKR"]
[EventCategory "7"]
[SourceTitle "EXT 2023"]
[Source "ChessBase"]
[SourceDate "2022.10.05"]
[SourceVersion "1"]
[SourceVersionDate "2022.10.05"]
[SourceQuality "1"]

1. e4 e5 2. Nf3 Nc6 3. Bb5 a6 4. Ba4 Nf6 5. 0-0 Be7 6. Re1 b5 7. Bb3 d6 8. c3 0-0 9. h3 Nb8 10. d4 Nbd7 11. Nbd2 Bb7 12. Bc2 Re8 13. Nf1 Bf8 14. Ng3 g6 15. a4 c5 16. d5 c4 17. Bg5 Bg7 18. Qd2 Qe7 19. Ra3 Qf8 20. Rea1 Rab8 21. axb5 axb5 22. b3 Ra8 23. bxc4 bxc4 24. Be3 Rxa3 25. Rxa3 Ra8 26. Qc1 Ra6 27. Rxa6 Bxa6 28. Qa3 Nb8 29. Ba4 Qd8 30. Qb4 Bf8 31. Nd2 h5 32. f3 Nh7 33. Bb5 Bc8 34. Nxc4 f5 35. exf5 gxf5 36. f4 Qh4 37. Nf1 Nf6 38. Nxd6 exf4 39. Qc4 Bxd6 40. Qxc8+ Kg7 41. Bd4 f3 42. Qxf5 fxg2 43. Kxg2 1-0

[Event "Dnipropetrovsk"]
[Site "Dnipropetrovsk"]
[Date "2006.10.02"]
[Round "8"]
[White "Varavin, Viktor"]
[Black "Kozak, Leonid"]
[Result "1/2-1/2"]
[WhiteElo "2438"]
[BlackElo "2319"]
[PlyCount "37"]
[EventDate "2006.09.27"]
[EventType "tourn"]
[EventRounds "14"]
[EventCountry "UKR"]
[EventCategory "7"]
[SourceTitle "EXT 2023"]
[Source "ChessBase"]
[SourceDate "2022.10.05"]
[SourceVersion "1"]
[SourceVersionDate "2022.10.05"]
[SourceQuality "1"]

1. e4 e5 2. Nf3 Nf6 3. Nxe5 d6 4. Nf3 Nxe4 5. Nc3 Nxc3 6. dxc3 Be7 7. Bf4 0-0 8. Qd2 Nd7 9. 0-0-0 Nc5 10. Nd4 Ne6 11. Be3 Nxd4 12. cxd4 d5 13. h3 Bf5 14. Bd3 Bxd3 15. Qxd3 Qd7 16. Bf4 Bd6 17. Bxd6 Qxd6 18. Qf3 Rfe8 19. Rhe1 1/2-1/2

[Event "Dnipropetrovsk"]
[Site "Dnipropetrovsk"]
[Date "2006.09.30"]
[Round "5"]
[White "Varitski, Igor"]
[Black "Kozak, Leonid"]
[Result "1/2-1/2"]
[WhiteElo "2334"]
[BlackElo "2319"]
[PlyCount "40"]
[EventDate "2006.09.27"]
[EventType "tourn"]
[EventRounds "14"]
[EventCountry "UKR"]
[EventCategory "7"]
[SourceTitle "EXT 2023"]
[Source "ChessBase"]
[SourceDate "2022.10.05"]
[SourceVersion "1"]
[SourceVersionDate "2022.10.05"]
[SourceQuality "1"]

1. e4 e5 2. Nf3 Nc6 3. d4 exd4 4. c3 d5 5. exd5 Qxd5 6. cxd4 Bg4 7. Be2 Bb4+ 8. Nc3 Bxf3 9. Bxf3 Qc4 10. Bxc6+ Qxc6 11. 0-0 Ne7 12. d5 Qd7 13. Qb3 a5 14. a3 Bxc3 15. bxc3 0-0 16. c4 a4 17. Qc3 c6 18. Bb2 f6 19. Rad1 cxd5 20. cxd5 Ra6 1/2-1/2

[Event "Dnipropetrovsk"]
[Site "Dnipropetrovsk"]
[Date "2006.09.27"]
[Round "1"]
[White "Kozak, Leonid"]
[Black "Varavin, Viktor"]
[Result "1-0"]
[WhiteElo "2319"]
[BlackElo "2438"]
[PlyCount "69"]
[EventDate "2006.09.27"]
[EventType "tourn"]
[EventRounds "14"]
[EventCountry "UKR"]
[EventCategory "7"]
[SourceTitle "EXT 2023"]
[Source "ChessBase"]
[SourceDate "2022.10.05"]
[SourceVersion "1"]
[SourceVersionDate "2022.10.05"]
[SourceQuality "1"]

1. d4 Nf6 2. Nf3 g6 3. c4 Bg7 4. g3 0-0 5. Bg2 d6 6. 0-0 Nbd7 7. Nc3 e5 8. e4 exd4 9. Nxd4 Re8 10. h3 Nc5 11. Re1 a5 12. Rb1 Nfd7 13. Be3 Ne5 14. b3 c6 15. Re2 g5 16. Rd2 Qf6 17. g4 Ng6 18. Rc1 Nf4 19. Nf5 Bxf5 20. exf5 Rad8 21. Ne2 Ne4 22. Bxe4 Rxe4 23. Ng3 Nxh3+ 24. Kg2 Nf4+ 25. Bxf4 Rxf4 26. Nh5 Qe5 27. Nxf4 Qxf4 28. Rcc2 h5 29. gxh5 Qxf5 30. Qf3 Qh7 31. Re2 f5 32. Re7 g4 33. Qe3 Qxh5 34. Qe6+ Kh8 35. Rxg7 1-0

[Event "Ilichevsk Sunny Pawn-A"]
[Site "Ilichevsk"]
[Date "2006.07.28"]
[Round "8"]
[White "Zavgorodniy, Sergiy"]
[Black "Kozak, Leonid"]
[Result "1-0"]
[WhiteElo "2430"]
[BlackElo "2319"]
[PlyCount "111"]
[EventDate "2006.07.20"]
[EventType "tourn"]
[EventRounds "11"]
[EventCountry "UKR"]
[EventCategory "7"]
[SourceTitle "CBM 113 Extra"]
[Source "ChessBase"]
[SourceDate "2006.09.14"]
[SourceVersion "1"]
[SourceVersionDate "2006.09.14"]
[SourceQuality "1"]

1. e4 e5 2. Nf3 Nc6 3. Bb5 a6 4. Bxc6 dxc6 5. h3 c5 6. d3 Bd6 7. Nbd2 Ne7 8. Nc4 f6 9. Be3 Be6 10. Qe2 0-0 11. Nh4 g5 12. Nf3 Ng6 13. h4 Nf4 14. Bxf4 gxf4 15. h5 Bg4 16. Rh4 Qc8 17. 0-0-0 Kh8 18. Rg1 b5 19. Ncd2 Be6 20. Kb1 Rg8 21. Rh2 Bg4 22. Qf1 Bf8 23. h6 Rg6 24. g3 fxg3 25. Rxg3 Rxh6 26. Nh4 Be6 27. f4 Qd7 28. f5 Bg8 29. Qh1 Bf7 30. Ng6+ Bxg6 31. fxg6 Qg7 32. Qg2 Rxh2 33. Qxh2 Qh6 34. Qg2 Bg7 35. gxh7 Qxh7 36. Rh3 Bh6 37. Qh2 Kg7 38. Nf3 Rh8 39. Nh4 Bf4 40. Qg2+ Kf7 41. Nf5 Qg8 42. Qxg8+ Rxg8 43. Rh7+ Ke8 44. a3 Kd8 45. Ng7 Kd7 46. Nf5+ Kd8 47. Rf7 c4 48. Ng7 Bh6 49. Ne6+ Ke8 50. Rxf6 Be3 51. Nxc7+ Kd7 52. Nd5 Bc5 53. dxc4 bxc4 54. Rxa6 Rg1+ 55. Ka2 Rg2 56. c3 1-0